<?xml version="1.0" encoding="UTF-8"?>
<record
    xmlns:xsi="http://www.w3.org/2001/XMLSchema-instance"
    xsi:schemaLocation="http://www.loc.gov/MARC21/slim http://www.loc.gov/standards/marcxml/schema/MARC21slim.xsd"
    xmlns="http://www.loc.gov/MARC21/slim">

  <leader>01234cam a2200337 i 4500</leader>
  <controlfield tag="001">1287826097</controlfield>
  <controlfield tag="003">OSt</controlfield>
  <controlfield tag="005">20250619120504.0</controlfield>
  <controlfield tag="008">210114s2021    nyua          001 0 eng  </controlfield>
  <datafield tag="020" ind1=" " ind2=" ">
    <subfield code="a">9780198829980 (paperback)</subfield>
  </datafield>
  <datafield tag="024" ind1=" " ind2=" ">
    <subfield code="c">USD 116</subfield>
  </datafield>
  <datafield tag="040" ind1=" " ind2=" ">
    <subfield code="a">DLC</subfield>
    <subfield code="b">eng</subfield>
    <subfield code="e">rda</subfield>
    <subfield code="c">DLC</subfield>
    <subfield code="d">NUST</subfield>
  </datafield>
  <datafield tag="050" ind1=" " ind2=" ">
    <subfield code="a">QD33.2 BUR</subfield>
  </datafield>
  <datafield tag="100" ind1="1" ind2=" ">
    <subfield code="a">Burrows, Andrew</subfield>
    <subfield code="e">Author</subfield>
  </datafield>
  <datafield tag="245" ind1="1" ind2="0">
    <subfield code="a">Chemistry&#xB3; :</subfield>
    <subfield code="b">introducing inorganic, organic and physical chemistry /</subfield>
    <subfield code="c">Andrew Burrows, John Holman, Simon Lancaster, Tina Overton, Andrew Parsons, Gwen Pilling and Gareth Price.</subfield>
  </datafield>
  <datafield tag="250" ind1=" " ind2=" ">
    <subfield code="a">Fourth edition.</subfield>
  </datafield>
  <datafield tag="260" ind1=" " ind2=" ">
    <subfield code="a">New York :</subfield>
    <subfield code="b">Oxford University Press, </subfield>
    <subfield code="c">&#xA9;2021.</subfield>
  </datafield>
  <datafield tag="300" ind1=" " ind2=" ">
    <subfield code="a">xxii, 1404 pages :</subfield>
    <subfield code="b">Illustrations ;</subfield>
    <subfield code="c">28 cm.</subfield>
  </datafield>
  <datafield tag="336" ind1=" " ind2=" ">
    <subfield code="a">text</subfield>
    <subfield code="b">txt</subfield>
    <subfield code="2">rdacontent</subfield>
  </datafield>
  <datafield tag="337" ind1=" " ind2=" ">
    <subfield code="a">unmediated</subfield>
    <subfield code="b">n</subfield>
    <subfield code="2">rdamedia</subfield>
  </datafield>
  <datafield tag="338" ind1=" " ind2=" ">
    <subfield code="a">volume</subfield>
    <subfield code="b">nc</subfield>
    <subfield code="2">rdacarrier</subfield>
  </datafield>
  <datafield tag="504" ind1=" " ind2=" ">
    <subfield code="a">Includes bibliographical references and index.</subfield>
  </datafield>
  <datafield tag="650" ind1=" " ind2="0">
    <subfield code="v">Chemistry Textbooks.</subfield>
  </datafield>
  <datafield tag="700" ind1="1" ind2=" ">
    <subfield code="a">Holman, John</subfield>
    <subfield code="e">Author</subfield>
  </datafield>
  <datafield tag="700" ind1="1" ind2=" ">
    <subfield code="a">Lancaster, Simon</subfield>
    <subfield code="e">Author</subfield>
  </datafield>
  <datafield tag="700" ind1="1" ind2=" ">
    <subfield code="a">Overton, Tina</subfield>
    <subfield code="e">Author</subfield>
  </datafield>
  <datafield tag="700" ind1="1" ind2=" ">
    <subfield code="a">Parsons, Andrew</subfield>
    <subfield code="e">Author</subfield>
  </datafield>
  <datafield tag="700" ind1="1" ind2=" ">
    <subfield code="a">Pilling, Gwen</subfield>
    <subfield code="e">Author</subfield>
  </datafield>
  <datafield tag="700" ind1="1" ind2=" ">
    <subfield code="a">Price, Gareth</subfield>
    <subfield code="e">Author</subfield>
  </datafield>
  <datafield tag="942" ind1=" " ind2=" ">
    <subfield code="2">lcc</subfield>
    <subfield code="c">BOOKS</subfield>
    <subfield code="e">Fourth edition.</subfield>
    <subfield code="h">QD33.2 BUR</subfield>
    <subfield code="k">QD</subfield>
    <subfield code="m">BUR</subfield>
    <subfield code="n">0</subfield>
  </datafield>
  <datafield tag="999" ind1=" " ind2=" ">
    <subfield code="c">172051</subfield>
    <subfield code="d">172051</subfield>
  </datafield>
  <datafield tag="952" ind1=" " ind2=" ">
    <subfield code="0">0</subfield>
    <subfield code="1">0</subfield>
    <subfield code="2">LCC</subfield>
    <subfield code="4">0</subfield>
    <subfield code="7">0</subfield>
    <subfield code="8">NFIC</subfield>
    <subfield code="a">MAIN</subfield>
    <subfield code="b">MAIN</subfield>
    <subfield code="c">GEN</subfield>
    <subfield code="d">2025-06-19</subfield>
    <subfield code="e">Purchase</subfield>
    <subfield code="g">116.00</subfield>
    <subfield code="l">0</subfield>
    <subfield code="o">QD33.2 BUR</subfield>
    <subfield code="p">92004057687</subfield>
    <subfield code="r">2025-06-19 12:06:47</subfield>
    <subfield code="t">25/81</subfield>
    <subfield code="v">116.00</subfield>
    <subfield code="w">2025-06-19</subfield>
    <subfield code="y">BOOKS</subfield>
    <subfield code="z">Purchase</subfield>
  </datafield>
  <datafield tag="952" ind1=" " ind2=" ">
    <subfield code="0">0</subfield>
    <subfield code="1">0</subfield>
    <subfield code="2">LCC</subfield>
    <subfield code="4">0</subfield>
    <subfield code="7">0</subfield>
    <subfield code="8">NFIC</subfield>
    <subfield code="a">MAIN</subfield>
    <subfield code="b">MAIN</subfield>
    <subfield code="c">GEN</subfield>
    <subfield code="d">2025-06-19</subfield>
    <subfield code="e">Purchase</subfield>
    <subfield code="g">116.00</subfield>
    <subfield code="l">0</subfield>
    <subfield code="o">QD33.2 BUR</subfield>
    <subfield code="p">92004057740</subfield>
    <subfield code="r">2025-06-19 12:09:10</subfield>
    <subfield code="t">25/80</subfield>
    <subfield code="v">116.00</subfield>
    <subfield code="w">2025-06-19</subfield>
    <subfield code="y">BOOKS</subfield>
    <subfield code="z">Purchase</subfield>
  </datafield>
</record>
